01601cas a22004217a 450000500170000000800410001701000100005801100100006802200140007803500100009224500620010226000620016430000140022631000140024036200190025450800600027359000410033359000410037459000410041559000410045659000420049765000530053965000530059286600520064586600320069786600520072986600310078186600520081286600520086486600510091686600520096786600520101986600240107186600240109586600360111990100070115599900170116220220329142004.0981125c1921 us zr p rnn 0 0b1eng d a76717 a776890 a1087-9978 a8735904aThe American Gardenerc/by American Horticultural Society aAlexandria, Vi. :bAmerican Horticultural Society,c1921- av. :bil. aBimestral0 av.75 n.3, 1996 aPublicación oficial de American Horticultural Society aBATCH-UPDb10c20130110lUCH01h0606 aBATCH-UPDb10c20130410lUCH01h0248 aBATCH-UPDb10c20130410lUCH01h1624 aBATCH-UPDb10c20130914lUCH01h1420 aCONVERSIONb10c20130109lUCH01h134214aFloriculturaxPublicaciones periódicas.94184714aJardineríaxPublicaciones periódicas.961145 av. 80 n. 1 (Jan. 2001) - v. 80 n. 6 (Dec. 2001) av. 81 n. 1 (Jan./Feb. 2002) av. 82 n. 1 (Jan. 2003) - v. 82 n. 6 (Dec. 2003) av. 83 n. 3 (May/Jun. 2004) av. 85 n. 5 (Sep. 2006) - v. 85 n. 6 (Dec. 2006) av. 86 n. 1 (Jan. 2007) - v. 86 n. 3 (Jun. 2007) av. 87 n. 3 (May 2008) - v. 87 n. 6 (Dec. 2008) av. 88 n. 1 (Jan. 2009) - v. 88 n. 6 (Dec. 2009) av. 89 n. 1 (Jan. 2010) - v. 89 n. 5 (Oct. 2010) av.75 n.3-6 - (1996) av.76 n.1-3 - (1997) av.76 n.5-v.79 n.6 - (1997-2000) aSE c76717d76717